|
|
|
|
| LEADER |
00000nam a2200000 i 4500 |
| 001 |
DIGUSALLE0172 |
| 003 |
NyNyDIG |
| 006 |
m o d |
| 007 |
cr ||||||||||| |
| 008 |
201126s2012 ck ob 100 0 spa d |
| 035 |
|
|
|a (OCoLC)1226425273
|
| 040 |
|
|
|a DGITA
|b eng
|e rda
|e pn
|c DGITA
|
| 020 |
|
|
|a 9789588939568
|q eBook
|
| 020 |
|
|
|z 9789588572796
|
| 043 |
|
|
|a s-ck---
|
| 050 |
1 |
4 |
|a LA568 ebook
|
| 111 |
2 |
|
|a Cátedra Institucional Lasallista
|d (2011 :
|c Universidad de La Salle (Bogotá, Colombia)),
|j author.
|
| 245 |
1 |
0 |
|a Cartografías de la universidad en lo local, lo regional y lo global /
|c Cátedra Lasallista ; compiladores, Jorge Eliécer Martínez Posada, Fabio Orlando Neira Sánchez.
|
| 250 |
|
|
|a Primera edición.
|
| 264 |
|
1 |
|a Bogota, D.C. :
|b Universidad de La Salle,
|c [2012]
|
| 300 |
|
|
|a 1 online resource. :
|b illustrations.
|
| 336 |
|
|
|a text
|b txt
|2 rdacontent
|
| 337 |
|
|
|a computer
|b c
|2 rdamedia
|
| 338 |
|
|
|a online resource
|b cr
|2 rdacarrier
|
| 347 |
|
|
|a text file
|2 rdaft
|
| 347 |
|
|
|b EPUB
|
| 504 |
|
|
|a Includes bibliographical references.
|
| 588 |
0 |
|
|a Online resource; title from ePub title page (Digitalia, viewed November 27, 2020)
|
| 650 |
|
0 |
|a Universities and colleges
|z Colombia.
|
| 650 |
|
0 |
|a Education, Higher
|z Colombia.
|
| 655 |
|
0 |
|a Electronic books.
|
| 700 |
1 |
|
|a Martínez Posada, Jorge Eliecer,
|e editor.
|
| 700 |
1 |
|
|a Neira Sánchez, Fabio Orlando,
|e editor.
|
| 710 |
2 |
|
|a Universidad de La Salle (Bogotá, Colombia),
|e sponsoring body.
|
| 791 |
2 |
|
|a Digitalia (Firm),
|e distributor.
|
| 793 |
0 |
|
|g Digitalia eBook Collection:
|a Universidad de La Salle
|
| 776 |
0 |
8 |
|i Print version:
|a Cátedra Institucional Lasallista (2011 : Universidad de La Salle (Bogotá, Colombia))
|t Cartografías de la universidad en lo local, lo regional y lo global.
|b Primera edición.
|d Bogota, D.C. : Universidad de La Salle, 2012
|z 9789588572796
|w (OCoLC)855220127
|
| 856 |
4 |
0 |
|3 Digitalia Hispánica
|u https://www.digitaliapublishing.com/a/65746/
|
| 910 |
|
|
|a Premium collection: 2020
|